000 00675nam a2200205 i 4500
001 177177
003 ES-MaACL
005 20230906220254.0
008 110307s1967 sp |||| | spa d
080 _a821.134.2-312.2"19"
100 1 _aRodero, Juan Jesús.
_998122
245 1 4 _aLos vencidos /
_cJuan Jesús Rodero.
260 _a[Madrid :
_bAlfaguara],
_c1967.
300 _a140 p. ;
_c17 cm.
490 1 _aLa novela popular. Contemporánea, inédita, española ;
_v52
830 0 _aLa novela popular. Contemporánea, inédita, española ;
_v52
_9188024
852 _aES-MaACL
_jE-14598
_xOlim P-213-Ter
852 _aES-MaACL
_jP-409-35
999 _c177177
_d177177